000 00487nam a22001817a 4500
003 MPLRDC
005 20220104142520.0
008 210129b ||||| |||| 00| 0 eng d
082 _a628.49 YLF
100 _a姚立夫编辑
245 _a骊山迎蒋的欢呼与泪痕
_c
250 _a再版
260 _a
_b香港春秋出版社
_c1967
300 _b
490 _a西安事变珍史第一辑
650 _a中国现代史; 民国史--西安事件
942 _cBK
_o628.49 YLF
999 _c31511
_d31501